000 00435nam a2200181Ia 4500
001 13764
005 20260306164825.0
008 260306t2000||||xx |||||||||||||| ||spa||
041 _aESP
082 _a005.133
_bHTML C35
100 _aCastro, Elizabeth
_eAUT
245 0 _aGuía de aprendizaje HTML 4
260 _c2000
300 _axxii, 360 páginas :
_c24 cm.
650 _aGEN
654 _aCCC
942 _cLIB
_dJUS
_fJUS
_2ddc
_n
999 _c13764
_d13764